| 000 | 01640nam0a2200361 i 4500 | ||
|---|---|---|---|
| 001 | RU\NLR\BIBL_A\010001655 | ||
| 005 | 20241103084433.0 | ||
| 010 | _a9785227046406 | ||
| 021 |
_aRU _b2013-76077 _95234 |
||
| 035 | _a(NLR Aleph) 010001655 | ||
| 090 |
_a9798506 _c9798506 |
||
| 100 | _a20131106d2013 km y0rusy50 ca | ||
| 101 | 0 |
_arus _ceng |
|
| 102 | _aRU | ||
| 105 | _ay|||||||||||| | ||
| 200 | 9 |
_aСердце _eединственный справочник о здоровье сердца, который вам понадобится _fМарк Гиллинов, Стивен Ниссен _g[пер. с англ. О.Д. Сидоровой] |
|
| 210 |
_aМосква _cЦентрполиграф _d2013 _eТверь _gТверской полиграфический комбинат |
||
| 215 | _a560 с. | ||
| 300 | _aЗагл. и авт. также на англ. яз.: Heart 411 / Marc Gillinov, Steven Nissen | ||
| 517 | 1 |
_6z48790 _aHeart 411 |
|
| 606 |
_aСердце _jПопулярные издания _xБолезни _9910110 _3RU\NLR\AUTH\6612524 |
||
| 675 | _a616.12(035) | ||
| 686 | 1 | _aР410.1я9 | |
| 700 | 1 |
_4070 _7ca _8rus _aГиллинов _bМ. _gМарк _9127103 _3RU\NLR\AUTH\770127127 |
|
| 701 | 1 |
_4070 _7ca _8rus _aНиссен _bС. _f1948- _gСтивен _9127108 _3RU\NLR\AUTH\770127132 |
|
| 790 | 1 |
_7ba _8eng _aGillinov _bM. _gMarc _9127111 _3RU\NLR\AUTH\770127135 |
|
| 790 | 1 |
_7ba _8eng _aNissen _bS. _f1948- _gSteven _9127113 _3RU\NLR\AUTH\770127137 |
|
| 801 | 0 |
_aRU _bRuMoRKP _c20130919 _gRCR |
|
| 801 | 2 |
_aRU _bРГБ _c20131001 |
|
| 801 | 1 |
_aRU _bRuMoRKP _c20130919 _2rusmarc |
|
| 942 | _cBOOK | ||
| 980 | _aNBR | ||